Ludovico Einaudi - Le Onde - Statistics

General Stats
  • This quiz has been taken 4 times
  • The average score is 2 of 13
Answer Stats
Track # Song % Correct
2 Le Onde
100%
10 Onde Corte
50%
7 Questa Notte
50%
1 Canzone Popolare (Francia1500 ca.)
0%
9 Dietro L'incanto
0%
5 La Linea Scura
0%
11 La Profondita Del Buio
0%
3 Lontano
0%
13 L'ultima Volta
0%
4 Ombre
0%
12 Passaggio
0%
8 Sotto Vento
0%
6 Tracce
0%
No matching quizzes found
Score Distribution
Percent of People with Each Score
Percentile by Number Answered
Your Score History
You have not taken this quiz